000 00666nas a2200193 i 4500
001 173311
003 ES-MaACL
005 20250830014047.0
008 091125c1951 sp | | ||pa d
245 0 0 _aAnuario de la enseñanza primaria.
260 _aMadrid :
_bSecretariado de la Comisión Episcopal de Enseñanza,
_c1951-
300 _a584 p. ;
_c22 cm.
594 _aPrecede al tít.: Centros educativos de la Iglesia.
650 0 4 _aEnseñanza.
_912279
710 2 _aConferencia Episcopal Española.
_bComisión Episcopal de Enseñanza y Educación Religiosa
_93032
852 _aES-MaACL
_jE-4263
866 0 _o1959.
999 _c173311
_d173311